00465 2200193 4500001002100000005001500021035002000036245003500056100002500091250000600116856004500122260003600167082000800203084001400211600001000225990001200235990001200247990001200259INLIS00000000000173620250505110948 a0010-05250000281 aAtheis /cST. Takdir Alisabana0 aST. Takdir Alisabana a1 aRuang Baca Umum No Klas 800 ( Rak 3,4,5) aJakarta :bBalai Pustaka,c2000 a813 a813 ST. a 4aFiksi a00.0163 a00.0164 a00.0165